000 00629nam a2200217 a 4500
999 _c2973
_d2973
001 2973
003 BD-JhCC
005 20171108195137.0
008 171108s1968 bg |||| ||a| 000 0 ben d
035 _a(BD-JhCC)2973
040 _aBD-JhCC
_dBD-JhCC
041 _aben
082 _a891.443
_bMOS 1968
100 _aমোস্তফা, গোলাম
245 _aভাঙাবুক /
_cগোলাম মোস্তফা,
260 _aঢাকা :
_bঅাহমদ পাবলিশিং হাউস,
_c1968
300 _a171 p. :
_c22 cm.
650 _aBengali Novel
942 _2ddc
_cBK